Trích giảng văn học Mỹ A college - level literature course Q.2

সংরক্ষণ করুন:
গ্রন্থ-পঞ্জীর বিবরন
প্রধান লেখক: Nguyễn Trung Tánh
বিন্যাস: গ্রন্থ
ভাষা:English
প্রকাশিত: Tp. Hồ Chí Minh Nxb. Tp. Hồ Chí Minh 1997
বিষয়গুলি:
ট্যাগগুলো: ট্যাগ যুক্ত করুন
কোনো ট্যাগ নেই, প্রথমজন হিসাবে ট্যাগ করুন!
Thư viện lưu trữ: Trung tâm Học liệu Lê Vũ Hùng, Trường Đại học Đồng Tháp
LEADER 00803pam a22002298a 4500
001 00023951
005 20171026081023.0
008 110706s1997 ||||||engsd
041 0 # |a eng 
082 1 4 |a 818  |b TR302G 
100 1 # |a Nguyễn Trung Tánh 
245 1 0 |a Trích giảng văn học Mỹ  |b A college - level literature course  |c Nguyễn Trung Tánh b.s  |n Q.2 
246 0 1 |a Readings in American Literature 
260 # # |a Tp. Hồ Chí Minh  |b Nxb. Tp. Hồ Chí Minh  |c 1997 
300 # # |a 246tr.  |c 21 cm. 
650 # 4 |a Mỹ 
650 # 4 |a Nghiên cứu văn học 
650 # 4 |a Trích giảng văn học 
852 # # |b Kho đọc  |j KD.0008628 
852 # # |j KD.0008628 
910 0 # |a ntuyet  |d 06/07/2011 
980 # # |a Trung tâm Học liệu Lê Vũ Hùng, Trường Đại học Đồng Tháp